El golfo de Venezuela: una síntesis histórica

Guardat en:
Dades bibliogràfiques
Autor principal: Ojer, Pablo (autor)
Format: Llibre
Idioma:espanyol
Publicat: Caracas Instituto de Derecho Público de la Universidad Central de Venezuela 1983
Matèries:
Etiquetes: Afegir etiqueta
Sense etiquetes, Sigues el primer a etiquetar aquest registre!

MARC

LEADER 00000nam a2200000 a 4500
001 UCO3787
003 CL-VaPUC
008 000720e19830000VE |||||||||||||||||spa|d
082 0 4 |a 987  |b OJE  |2 21 
100 |a Ojer, Pablo  |e autor  |9 447707 
245 1 3 |a El golfo de Venezuela: una síntesis histórica 
300 |a 624 p 
942 |c BK 
945 |d 20000720 00:00:00  |a crobeson 
260 |a Caracas  |b Instituto de Derecho Público de la Universidad Central de Venezuela  |c 1983 
650 0 |a Historia de Venezuela  |9 446382 
650 7 |a DESCUBRIMIENTO  |2 CL-VaPUC  |9 321428 
650 0 |a Conquista  |9 339504 
650 7 |a COLONIA  |2 CL-VaPUC  |9 447708 
650 7 |a INDEPENDENECIA  |2 CL-VaPUC  |9 447709 
650 0 |a República  |9 310048 
651 0 |a Venezuela  |9 254993 
583 |a last modification  |c 20000720 00:00:00  |k Rodrigo Vera 
999 |c 289918  |d 289916 
952 |0 0  |1 0  |4 0  |6 987_000000000000000_OJE_1983  |7 0  |8 A  |9 338886  |a BIBHIS  |b BIBHIS  |d 2019-11-20  |i 1201093  |o 987 OJE 1983  |p 1201093  |r 2025-01-20  |w 2019-11-20  |y BK  |k HIS